<?xml version="1.0" encoding="UTF-8"?>
<record
    xmlns:xsi="http://www.w3.org/2001/XMLSchema-instance"
    xsi:schemaLocation="http://www.loc.gov/MARC21/slim http://www.loc.gov/standards/marcxml/schema/MARC21slim.xsd"
    xmlns="http://www.loc.gov/MARC21/slim">

  <leader>00430nam a2200109Ia 4500</leader>
  <controlfield tag="001">IA_4038,07/09/2007,07/09/2007,0000001996                          mx a   0000000000spa00,"</controlfield>
  <controlfield tag="008">220117s    xx            000 0 und d</controlfield>
  <datafield tag="010" ind1=" " ind2=" ">
    <subfield code="a">179620</subfield>
  </datafield>
  <datafield tag="090" ind1=" " ind2=" ">
    <subfield code="a">FOLLETO 2583</subfield>
  </datafield>
  <datafield tag="100" ind1=" " ind2=" ">
    <subfield code="a">Secretar&#xED;a de salud direcci&#xF3;n general de control sanitario de bienes y servicios. M&#xE9;xico</subfield>
    <subfield code="9">147844</subfield>
  </datafield>
  <datafield tag="245" ind1=" " ind2=" ">
    <subfield code="a">Aplicaci&#xF3;n del an&#xE1;lisis de riesgos</subfield>
  </datafield>
  <datafield tag="999" ind1=" " ind2=" ">
    <subfield code="c">179620</subfield>
    <subfield code="d">179620</subfield>
  </datafield>
</record>
